000 00340pam a2200133a 44500
008 230405s2010 xxu||||| |||| 00| 0 eng d
041 _aENG
100 _aDR B S KUCHEKAR
245 _aPHARMACEUTICAL JURISPRUDENCE
250 _a15
260 _aNEW YORK
_bWILEY INTERSCIENCE PUBLICATION NEW YORK
_c2010
300 _a12.4
906 _a3825
999 _c279096
_d279096